| 000 | 00736nam a2200253Ia 4500 | ||
|---|---|---|---|
| 003 | OSt | ||
| 005 | 20240926144504.0 | ||
| 006 | a|||||r|||| 00| 0 | ||
| 007 | ta | ||
| 008 | 220927b |||||||| |||| 00| 0 hin d | ||
| 020 |
_cINR 450.00 _a9789387187917 |
||
| 024 | _a144753 | ||
| 037 |
_b105, 15/03/2021, Radhika Books _cTextual |
||
| 040 |
_aSDCL _cSDCL _bhin |
||
| 041 |
_2hin _ahin |
||
| 082 | _aNW R1 | ||
| 100 |
_aPrajapati, Mahendra _9403248 |
||
| 245 | 0 | _aPartirodh aur cinema : | |
| 260 |
_aNew Delhi : _bNayee Kitab Prakashan, _c2021. |
||
| 300 |
_a207p. _ccm. |
||
| 650 |
_aHindi _9391598 |
||
| 942 |
_hNW R1 _cTEXL _2CC |
||
| 999 |
_c719040 _d719040 |
||